000 00682nam a22002057a 4500
999 _c20840
_d20840
003 AR-CdUCM
008 190606b ||||| |||| 00| 0 spa d
040 _aMUNICIPALIDAD PROVINCIAL DEL CUSCO
_cBIBLIOTECA MUNICIPAL DEL CUSCO
082 _a373.323 /
_bS25
100 _aSantolalla Silva, Irene
_943521
245 _aFormación sicológica para el matrimonio /
260 _aLima :
_bIberia,
300 _a153 páginas ;
_bIlustraciones
_c27 cm.
505 _aContenido : La juventud actual -- Educación del amor -- El amor libre y sus consecuencias...
650 _aSociedad
_953
650 _aCónyuges
_98381
650 _aGuia
_93996
942 _2ddc
_cLIBROS
945 _arcc